Fr. Conceicao Rodrigues College of Engineering

Operating Systems (Record no. 34418)

MARC details
000 -LEADER
fixed length control field 00382nam a2200181Ia 4500
082 ## - DEWEY DECIMAL CLASSIFICATION NUMBER
Classification number 005.43/NUT
Item number NUT
100 ## - MAIN ENTRY--PERSONAL NAME
Personal name Nutt/Gary
250 ## - EDITION STATEMENT
Edition statement 3
245 ## - TITLE STATEMENT
Title Operating Systems
260 ## - PUBLICATION, DISTRIBUTION, ETC.
Name of publisher, distributor, etc. Pearson Education
Place of publication, distribution, etc. Mumbai
Date of publication, distribution, etc. 2004
366 ## - TRADE AVAILABILITY INFORMATION
Publishers's discount category 20
300 ## - PHYSICAL DESCRIPTION
Extent 928
546 ## - LANGUAGE NOTE
Language note ENGLISH
650 ## - SUBJECT ADDED ENTRY--TOPICAL TERM
Topical term or geographic name entry element Operating systems
654 ## - SUBJECT ADDED ENTRY--FACETED TOPICAL TERMS
Focus term operating systems
942 ## - ADDED ENTRY ELEMENTS (KOHA)
Koha item type BOOK
Holdings
Withdrawn status Lost status Damaged status Not for loan Collection Home library Current library Date acquired Source of acquisition Cost, normal purchase price Inventory number Total Checkouts Full call number Barcode Date last seen Cost, replacement price Price effective from Koha item type
        CRC Fr. Agnel's C.Rodrigues College of Engineering Fr. Agnel's C.Rodrigues College of Engineering 17/03/2023 Professional Book House. 405.00 341 dt 05/01/2008   005.43/NUT NUT 18198 17/03/2023 425.00   BOOK
        CRC Fr. Agnel's C.Rodrigues College of Engineering Fr. Agnel's C.Rodrigues College of Engineering 17/03/2023 Professional Book House. 405.00 341 dt 05/01/2008   005.43/NUT NUT 18199 17/03/2023 425.00   BOOK